<?xml version="1.0" encoding="UTF-8"?>
<record
    xmlns:xsi="http://www.w3.org/2001/XMLSchema-instance"
    xsi:schemaLocation="http://www.loc.gov/MARC21/slim http://www.loc.gov/standards/marcxml/schema/MARC21slim.xsd"
    xmlns="http://www.loc.gov/MARC21/slim">

  <leader>01189nam a2200265Ia 4500</leader>
  <controlfield tag="003">OSt</controlfield>
  <controlfield tag="005">20241018152830.0</controlfield>
  <controlfield tag="008">200731s9999    xx            000 0 und d</controlfield>
  <datafield tag="020" ind1=" " ind2=" ">
    <subfield code="a">7500473672</subfield>
  </datafield>
  <datafield tag="020" ind1=" " ind2=" ">
    <subfield code="a">9787500473671</subfield>
  </datafield>
  <datafield tag="040" ind1=" " ind2=" ">
    <subfield code="c">0</subfield>
  </datafield>
  <datafield tag="041" ind1=" " ind2=" ">
    <subfield code="a">chi</subfield>
  </datafield>
  <datafield tag="050" ind1=" " ind2=" ">
    <subfield code="a">BL241</subfield>
    <subfield code="b">.K34 2008</subfield>
  </datafield>
  <datafield tag="245" ind1=" " ind2=" ">
    <subfield code="a">&#x79D1;&#x5B66;&#x4E0E;&#x5B97;&#x6559;&#x5BF9;&#x8BDD;&#x5728;&#x4E2D;&#x56FD;</subfield>
    <subfield code="b"> /</subfield>
    <subfield code="c">&#x6C5F;&#x4E15;&#x76DB;, &#x6881;&#x5A9B;&#x5A9B;, &#x6768;&#x601D;&#x8A00;&#x7F16;</subfield>
  </datafield>
  <datafield tag="246" ind1=" " ind2=" ">
    <subfield code="a">&#x79D1;&#x5B78;&#x8207;&#x5B97;&#x6559;&#x5C0D;&#x8A71;&#x5728;&#x4E2D;&#x570B;</subfield>
    <subfield code="b">/</subfield>
  </datafield>
  <datafield tag="260" ind1=" " ind2=" ">
    <subfield code="a">&#x5317;&#x4EAC;:</subfield>
    <subfield code="b">&#x4E2D;&#x56FD;&#x793E;&#x4F1A;&#x79D1;&#x5B66;&#x51FA;&#x7248;&#x793E;,</subfield>
    <subfield code="c">2008</subfield>
  </datafield>
  <datafield tag="300" ind1=" " ind2=" ">
    <subfield code="a">6, 3, 3, 11, 259 p. :</subfield>
    <subfield code="b">ill. ;</subfield>
    <subfield code="c">21 cm.</subfield>
  </datafield>
  <datafield tag="505" ind1=" " ind2=" ">
    <subfield code="a">&#x8FD9;&#x672C;&#x4E66;&#x6240;&#x9009;&#x53D6;&#x7684;&#x662F;&#x4E16;&#x754C;&#x8457;&#x540D;&#x79D1;&#x5B66;&#x5BB6;&#x548C;&#x4EBA;&#x6587;&#x5B66;&#x8005;&#x6709;&#x5173;&#x79D1;&#x5B66;&#x548C;&#x5B97;&#x6559;&#x5BF9;&#x8BDD;&#x7684;&#x6F14;&#x8BB2;&#x548C;&#x8BBA;&#x6587;&#x3002;&#x7279;&#x522B;&#x6709;&#x610F;&#x4E49;&#x7684;&#x662F;&#xFF0C;&#x6240;&#x6709;&#x8FD9;&#x4E9B;&#x6587;&#x7AE0;&#x90FD;&#x4E0E;&#x4E2D;&#x56FD;&#xFF08;&#x5305;&#x62EC;&#x9999;&#x6E2F;&#xFF09;&#x6709;&#x5173;&#xFF1A;&#x6709;&#x7684;&#x53D1;&#x8868;&#x5728;&#x4E2D;&#x56FD;&#x79D1;&#x5B66;&#x9662;&#x7684;&#x5B66;&#x672F;&#x671F;&#x520A;&#xFF0C;&#x6709;&#x7684;&#x662F;&#x79D1;&#x5B66;&#x5BB6;&#x672C;&#x4EBA;&#x4EB2;&#x4E34;&#x4E2D;&#x56FD;&#x6240;&#x505A;&#x7684;&#x6F14;&#x8BB2;&#x3002;&#x8FD9;&#x4E9B;&#x6587;&#x7AE0;&#x90FD;&#x8C61;&#x5F81;&#x4E86;&#x79D1;&#x5B66;&#x4E0E;&#x5B97;&#x6559;&#x5BF9;&#x8BDD;&#x5728;&#x4E2D;&#x56FD;&#x7684;&#x8DB3;&#x8FF9;&#xFF0C;&#x800C;&#x4E14;&#x90FD;&#x8D85;&#x51FA;&#x4E00;&#x822C;&#x4ECB;&#x7ECD;&#x6027;&#x6587;&#x5B57;&#x8FDB;&#x5165;&#x5230;&#x79D1;&#x5B66;&#x4E0E;&#x5B97;&#x6559;&#x7684;&#x66F4;&#x9AD8;&#x5C42;&#x7684;&#x3001;&#x66F4;&#x590D;&#x6742;&#x7684;&#x5BF9;&#x8BDD;&#x3002;</subfield>
  </datafield>
  <datafield tag="650" ind1=" " ind2=" ">
    <subfield code="a">Religion and science, China.</subfield>
  </datafield>
  <datafield tag="650" ind1=" " ind2=" ">
    <subfield code="a">Religion and science.</subfield>
  </datafield>
  <datafield tag="700" ind1=" " ind2=" ">
    <subfield code="a">&#x6768;&#x601D;&#x8A00;</subfield>
  </datafield>
  <datafield tag="700" ind1=" " ind2=" ">
    <subfield code="a">&#x6881;&#x5A9B;&#x5A9B;</subfield>
  </datafield>
  <datafield tag="700" ind1=" " ind2=" ">
    <subfield code="a">&#x6C5F;&#x4E15;&#x76DB;</subfield>
  </datafield>
  <datafield tag="942" ind1=" " ind2=" ">
    <subfield code="2">ddc</subfield>
    <subfield code="c">CB</subfield>
  </datafield>
  <datafield tag="952" ind1=" " ind2=" ">
    <subfield code="0">0</subfield>
    <subfield code="1">0</subfield>
    <subfield code="4">0</subfield>
    <subfield code="7">0</subfield>
    <subfield code="a">GETS</subfield>
    <subfield code="b">GETS</subfield>
    <subfield code="c">GEN</subfield>
    <subfield code="d">2020-07-09</subfield>
    <subfield code="l">0</subfield>
    <subfield code="o">BL241 .K34 2008</subfield>
    <subfield code="p">00000199</subfield>
    <subfield code="r">2020-07-09 00:00:00</subfield>
    <subfield code="w">2020-07-09</subfield>
    <subfield code="y">CB</subfield>
  </datafield>
  <datafield tag="999" ind1=" " ind2=" ">
    <subfield code="c">199</subfield>
    <subfield code="d">199</subfield>
  </datafield>
</record>
